00443 2200169 4500001002100000005001500021008004100036035002500077041000800102082001100110090001100121245006600132250001600198260002600214300002000240650001300260INLIS00000000001433320130516012251 ind  a0010-051300000014333 aind a52.598 a52.598 aPerubahan Anggaran Pendapatan & Belanja daerah "Pembangunan " aCetakan : 1 aCilacapbPemkabc1983 a60 hlm. ;33 cm. aAnggaran